| 000 | 01405cam a2200229 4500500 | ||
|---|---|---|---|
| 005 | 20260412000555.0 | ||
| 041 | _afre | ||
| 042 | _adc | ||
| 100 | 1 | 0 |
_ad’Aboville, Benoît _eauthor |
| 245 | 0 | 0 | _aLa résilience du pays dans le cas d’un engagement majeur (ou d’une guerre hybride) prolongé |
| 260 | _c2026. | ||
| 500 | _a71 | ||
| 520 | _aLa résilience nationale face à un conflit majeur ou hybride prolongé devient une priorité stratégique. Elle implique la mobilisation de toute la société, le renforcement des infrastructures, de la cybersécurité et des capacités sanitaires. Ce changement de paradigme exige des investissements importants et une adaptation durable aux menaces multiples. | ||
| 520 | _aNational resilience when faced with a long-term major or hybrid conflict is becoming a strategic priority. It will involve mobilisation of all society, including reinforcement of infrastructure, cyber security and health facilities. This paradigm shift demands major investment and the sustainable ability to adapt to multiple threats. | ||
| 690 | _adéfense passive | ||
| 690 | _aeffort financier | ||
| 690 | _aNation | ||
| 690 | _anumérique | ||
| 690 | _arésilience | ||
| 786 | 0 | _nRevue Défense Nationale | 889 | 4 | 2026-04-02 | p. 89-95 | 2105-7508 | |
| 856 | 4 | 1 | _uhttps://shs.cairn.info/revue-defense-nationale-2026-4-page-89?lang=fr&redirect-ssocas=7080 |
| 999 |
_c2210415 _d2210415 |
||